[Event "Aberto Brasil - II Niterói Chess Open "]
[Site "Salão de Convenções do Hot"]
[Date "2022.09.01"]
[Round "1.48"]
[White "Zacarias, Rodrigo Medeiros"]
[Black "Olivo, Anibal Ribeiro"]
[Result "1-0"]
[WhiteElo "2095"]
[BlackElo "1554"]
[PlyCount "87"]
[EventDate "2022.09.01"]
[EventRounds "9"]
[EventCountry "BRA"]

1. e4 e5 2. Nf3 Nc6 3. Bb5 a6 4. Ba4 Nf6 5. d3 b5 6. Bb3 Be7 7. O-O d6 8. Nc3
O-O 9. Bg5 Na5 10. Qd2 Nxb3 11. axb3 Bb7 12. Rae1 c5 13. Nd1 Nh5 14. Bxe7 Qxe7
15. Qg5 Qxg5 16. Nxg5 h6 17. Nf3 f5 18. Nd2 f4 19. Nc3 Nf6 20. Ra1 Kf7 21. Ra5
Ke7 22. Rfa1 Rfd8 23. f3 d5 24. exd5 Nxd5 25. Nxd5+ Rxd5 26. Ne4 c4 27. bxc4
bxc4 28. dxc4 Rd4 29. Rxe5+ Kf7 30. c3 Rdd8 31. Nc5 Bc8 32. b4 Rd2 33. Ne4 Rd3
34. Re1 g6 35. Rd5 Rxd5 36. cxd5 Kf8 37. Nc5 a5 38. Ra1 a4 39. Rxa4 Rxa4 40.
Nxa4 Ke7 41. c4 Kd6 42. c5+ Kc7 43. b5 Bf5 44. b6+ 1-0

[Event "Aberto Brasil - II Niterói Chess Open "]
[Site "Salão de Convenções do Hot"]
[Date "2022.09.01"]
[Round "1.50"]
[White "Dias, Simao Poscidonio"]
[Black "Stumpf, Luis Felipe T. Cale"]
[Result "0-1"]
[WhiteElo "2060"]
[BlackElo "1536"]
[PlyCount "58"]
[EventDate "2022.09.01"]
[EventRounds "9"]
[EventCountry "BRA"]

1. e4 c5 2. Nf3 g6 3. d4 cxd4 4. Qxd4 Nf6 5. Bb5 Nc6 6. Bxc6 bxc6 7. e5 Nd5 8.
e6 f6 9. exd7+ Bxd7 10. O-O Bg7 11. c4 Nb6 12. Nc3 e5 13. Qh4 O-O 14. Rd1 Qe7
15. Be3 Be6 16. Nxe5 g5 17. Nxc6 Qe8 18. Qe4 f5 19. Qc2 Qxc6 20. c5 f4 21. Rd6
Qc8 22. cxb6 fxe3 23. b7 exf2+ 24. Qxf2 Qxb7 25. Qd2 Qf7 26. Ne4 Bc4 27. h3 h6
28. Rc1 Be5 29. Rxc4 Qf1# 0-1

[Event "Aberto Brasil - II Niterói Chess Open "]
[Site "Salão de Convenções do Hot"]
[Date "2022.09.01"]
[Round "1.51"]
[White "Araujo, Barbara Ribeiro"]
[Black "Campos, Alexandre Ferreira"]
[Result "0-1"]
[WhiteElo "1523"]
[BlackElo "2042"]
[PlyCount "94"]
[EventDate "2022.09.01"]
[EventRounds "9"]
[EventCountry "BRA"]

1. c4 f5 2. Nc3 Nf6 3. g3 g6 4. Bg2 e5 5. d3 Bg7 6. e4 O-O 7. Nge2 Nc6 8. O-O
d6 9. h3 Be6 10. Rb1 a5 11. a3 Qd7 12. Kh2 fxe4 13. dxe4 Bxc4 14. Be3 Nd4 15.
Bxd4 exd4 16. Nxd4 Bxf1 17. Qxf1 Kh8 18. Rd1 Nh5 19. f4 Rae8 20. Qd3 c6 21. Nf3
Rd8 22. e5 d5 23. Na4 Qe7 24. Qc3 h6 25. Nh4 Kh7 26. Qc2 Qf7 27. Nc5 Nxf4 28.
Rf1 Bxe5 29. Nd3 Bc7 30. Nxf4 Bxf4 31. Rxf4 Qg7 32. Ra4 Rd6 33. b4 axb4 34.
Rxb4 Kg8 35. Qb3 Rd7 36. Qb1 Rf6 37. Nf3 Qe7 38. Nd4 c5 39. Rb5 cxd4 40. Bxd5+
Kg7 41. Bxb7 d3 42. Rb2 d2 43. Rxd2 Rxd2+ 44. Bg2 Rff2 45. Qa1+ Rb2 46. a4
Rxg2+ 47. Kh1 Rh2+ 0-1

[Event "Aberto Brasil - II Niterói Chess Open "]
[Site "Salão de Convenções do Hot"]
[Date "2022.09.01"]
[Round "1.52"]
[White "De Carvalho, Vitor Augusto Ponci"]
[Black "De Almeida, Olivan Duarte"]
[Result "1-0"]
[WhiteElo "2058"]
[BlackElo "1518"]
[PlyCount "57"]
[EventDate "2022.09.01"]
[EventRounds "9"]
[EventCountry "BRA"]

1. e4 Nc6 2. Nf3 d5 3. exd5 Qxd5 4. Nc3 Qa5 5. Bc4 e6 6. O-O Nf6 7. d4 Be7 8.
Bf4 a6 9. a3 Nd5 10. Bxd5 exd5 11. b4 Qb6 12. Nxd5 Qa7 13. Nxc7+ Kf8 14. Nxa8
Qxa8 15. d5 Nb8 16. d6 Bf6 17. Be5 Nd7 18. Bxf6 Nxf6 19. Ne5 Nd7 20. Qd5 Nxe5
21. Qxe5 Be6 22. d7 Ke7 23. Rad1 b5 24. Qc7 Rd8 25. Qc5+ Kf6 26. f4 h6 27. f5
Bxd7 28. Qd6+ Kg5 29. Qe7+ 1-0

[Event "Aberto Brasil - II Niterói Chess Open "]
[Site "Salão de Convenções do Hot"]
[Date "2022.09.01"]
[Round "1.53"]
[White "Do Amaral Vailant, Helena Kether"]
[Black "Almeida Junior, Alvaro Alves De"]
[Result "0-1"]
[WhiteElo "1513"]
[BlackElo "2044"]
[PlyCount "164"]
[EventDate "2022.09.01"]
[EventRounds "9"]
[EventCountry "BRA"]

1. e4 c5 2. Nc3 Nc6 3. Bb5 Nd4 4. Bc4 e6 5. Nge2 Qc7 6. d3 a6 7. a3 Nf6 8. f4
b5 9. Ba2 b4 10. Nb1 Bb7 11. axb4 Nxe2 12. Qxe2 cxb4 13. Bc4 Bc5 14. e5 Nd5 15.
h4 O-O 16. Rh3 f6 17. Bxd5 Bxd5 18. Be3 fxe5 19. fxe5 Be7 20. c4 bxc3 21. Nxc3
Qxe5 22. Ra4 Rab8 23. Rg4 Bb4 24. Bd4 Bxc3+ 25. Bxc3 Qxe2+ 26. Kxe2 Rf7 27.
Rhg3 e5 28. Bxe5 Re8 29. Re3 Rfe7 30. Bd4 Rxe3+ 31. Bxe3 Rc8 32. Kd2 Bb3 33.
Bd4 Rc2+ 34. Ke3 g6 35. h5 Bf7 36. Bc3 Rc1 37. hxg6 Bxg6 38. Kd2 Rf1 39. g3 Rf3
40. Ke2 Rf5 41. Rd4 Be8 42. Ra4 Rg5 43. g4 Rg6 44. Ke3 Bf7 45. Kf4 Rc6 46. g5
Be6 47. Rb4 Kf7 48. Rb8 Rd6 49. Ke3 Kg6 50. Bf6 Bf7 51. d4 h6 52. Be5 Re6 53.
gxh6 d6 54. h7 Kxh7 55. Rh8+ Kg6 56. Ra8 dxe5 57. dxe5 Rxe5+ 58. Kd4 Ra5 59. b4
Rd5+ 60. Kc3 Rd6 61. Ra7 Kf6 62. Ra8 Rb6 63. Ra7 Be6 64. Ra8 Ke5 65. Rd8 Rc6+
66. Kb2 Bd5 67. Rh8 Rc4 68. Ka3 Rc2 69. Rh5+ Kd6 70. Rxd5+ Kxd5 71. Kb3 Rc4 72.
Ka4 Kc6 73. Kb3 Rd4 74. Ka4 Kb6 75. Kb3 Kb5 76. Ka3 Rxb4 77. Ka2 Kc4 78. Ka3
Kc3 79. Ka2 Rb3 80. Ka1 Kc2 81. Ka2 Rc3 82. Ka1 Ra3# 0-1

[Event "Aberto Brasil - II Niterói Chess Open "]
[Site "Salão de Convenções do Hot"]
[Date "2022.09.01"]
[Round "1.55"]
[White "De Napole, Jo"]
[Black "Da Matta, Eduardo Cesar"]
[Result "0-1"]
[WhiteElo "1429"]
[BlackElo "2038"]
[PlyCount "58"]
[EventDate "2022.09.01"]
[EventRounds "9"]
[EventCountry "BRA"]

1. e4 c5 2. c3 Nf6 3. e5 Nd5 4. d4 cxd4 5. cxd4 e6 6. Nf3 d6 7. Bd3 dxe5 8.
Nxe5 Bb4+ 9. Bd2 Nd7 10. Qh5 Qf6 11. Bb5 Qe7 12. Nc3 O-O 13. Bd3 g6 14. Qg4 f6
15. Bxg6 Nxe5 16. dxe5 hxg6 17. Bh6 Qh7 18. Bxf8 Kxf8 19. O-O Bxc3 20. bxc3 Qh5
21. Qxh5 gxh5 22. Rac1 fxe5 23. Rfe1 Nf4 24. Re3 Ke7 25. Rce1 Bd7 26. Rxe5 Nd3
27. Rxh5 Nxe1 28. Rh7+ Kd6 29. Rh3 Rg8 0-1

[Event "Aberto Brasil - II Niterói Chess Open "]
[Site "Salão de Convenções do Hot"]
[Date "2022.09.01"]
[Round "1.56"]
[White "Araujo, Renan Aparecido"]
[Black "Garcia, Erich Douglas Ribei"]
[Result "1-0"]
[WhiteElo "2031"]
[BlackElo "1427"]
[PlyCount "55"]
[EventDate "2022.09.01"]
[EventRounds "9"]
[EventCountry "BRA"]

1. e4 c6 2. d4 d5 3. e5 Bf5 4. h4 h6 5. g4 Bd7 6. Nc3 e6 7. Be3 Bb4 8. h5 Ne7
9. a3 Ba5 10. b4 Bc7 11. f4 Na6 12. Bd3 Bb6 13. Nf3 Nc7 14. Nh4 a5 15. f5 axb4
16. axb4 Rxa1 17. Qxa1 Qa8 18. Qb2 Qa7 19. Ne2 Nb5 20. O-O Qa3 21. Qxa3 Nxa3
22. Ra1 Nb5 23. Ra8+ Nc8 24. Rb8 O-O 25. Rxb7 Rd8 26. g5 Nc7 27. gxh6 gxh6 28.
f6 1-0

[Event "Aberto Brasil - II Niterói Chess Open "]
[Site "Salão de Convenções do Hot"]
[Date "2022.09.01"]
[Round "1.59"]
[White "Catalan Gonzalez, Arturo"]
[Black "Urquiza, Marcello De Albuque"]
[Result "0-1"]
[WhiteElo "1442"]
[BlackElo "2018"]
[PlyCount "48"]
[EventDate "2022.09.01"]
[EventRounds "9"]
[EventCountry "BRA"]

1. e4 c5 2. Nc3 e6 3. g3 Nc6 4. Bg2 g6 5. d3 Bg7 6. f4 d6 7. Nf3 Nge7 8. O-O
O-O 9. h3 Rb8 10. g4 b5 11. Qe1 Nd4 12. Qd1 Nec6 13. Ne2 b4 14. Ng3 c4 15. dxc4
Ba6 16. Qd3 d5 17. Qd2 Bxc4 18. Rd1 dxe4 19. Nxe4 Qb6 20. Kh1 Rbd8 21. Qf2 Be2
22. Rd2 Nxf3 23. Bxf3 Qxf2 24. Nxf2 Bxf3+ 0-1

[Event "Aberto Brasil - II Niterói Chess Open "]
[Site "Salão de Convenções do Hot"]
[Date "2022.09.01"]
[Round "1.60"]
[White "Santos Filho, Tadeu Sousa"]
[Black "Campagnolo, Bruna"]
[Result "1-0"]
[WhiteElo "2015"]
[BlackElo "1393"]
[PlyCount "77"]
[EventDate "2022.09.01"]
[EventRounds "9"]
[EventCountry "BRA"]

1. e4 c5 2. Nf3 d6 3. Nc3 Nf6 4. Bc4 Nc6 5. d3 e6 6. a3 a6 7. O-O Be7 8. Ba2 b5
9. h3 Bb7 10. Ne2 O-O 11. Ng3 Qc7 12. Re1 Rad8 13. c3 d5 14. e5 Nd7 15. d4 cxd4
16. cxd4 Rc8 17. Bb1 Rfe8 18. Qd3 g6 19. h4 Na5 20. Bd2 Nc4 21. Bc1 Na5 22. Bg5
Nb6 23. h5 Qd8 24. hxg6 hxg6 25. Bxe7 Qxe7 26. Nh5 Nd7 27. g4 Rc7 28. g5 Rec8
29. Nf6+ Kg7 30. Kg2 Rh8 31. Bc2 Rcc8 32. Rh1 Nc4 33. Rab1 Rxh1 34. Rxh1 Nxb2
35. Qb3 Nc4 36. Qb1 Ndb6 37. Rh7+ Kf8 38. Rh8+ Kg7 39. Rxc8 1-0

[Event "Aberto Brasil - II Niterói Chess Open "]
[Site "Salão de Convenções do Hot"]
[Date "2022.09.01"]
[Round "1.61"]
[White "Salotti, Thiago Maida"]
[Black "Dianda, Joao Carlos"]
[Result "0-1"]
[WhiteElo "1390"]
[BlackElo "2000"]
[PlyCount "76"]
[EventDate "2022.09.01"]
[EventRounds "9"]
[EventCountry "BRA"]

1. e4 c5 2. d3 Nc6 3. Nf3 g6 4. Bf4 Bg7 5. c3 Nf6 6. Nbd2 O-O 7. g3 d6 8. d4
cxd4 9. Nxd4 Nxd4 10. cxd4 Qb6 11. Nc4 Qc6 12. d5 Qc7 13. Bd3 Nxe4 14. Rc1 Nc5
15. Be2 Bh3 16. b4 Ne4 17. f3 Bc3+ 18. Rxc3 Nxc3 19. Qd4 Nxe2 20. Kxe2 b5 21.
Bh6 Qxc4+ 22. Qxc4 bxc4 23. Bxf8 Kxf8 24. g4 h5 25. Rg1 hxg4 26. fxg4 f5 27.
gxf5 Bxf5 28. h4 Kf7 29. Kd2 Rh8 30. Rh1 Rh5 31. Kc3 g5 32. Kxc4 Rxh4+ 33. Rxh4
gxh4 34. a4 h3 35. a5 h2 36. Kb5 h1=Q 37. Ka6 Qxd5 38. Kxa7 Qb5 0-1

[Event "Aberto Brasil - II Niterói Chess Open "]
[Site "Salão de Convenções do Hot"]
[Date "2022.09.01"]
[Round "1.62"]
[White "Gomes, Pedro Pessoa"]
[Black "Pavao, Alice Lara Biasi"]
[Result "1-0"]
[WhiteElo "2004"]
[BlackElo "1366"]
[PlyCount "45"]
[EventDate "2022.09.01"]
[EventRounds "9"]
[EventCountry "BRA"]

1. c4 c5 2. Nc3 Nc6 3. g3 g6 4. Bg2 Bg7 5. e4 e6 6. Nge2 Nge7 7. O-O O-O 8. d3
d6 9. Be3 Nd4 10. Rb1 Nec6 11. Qd2 Qe7 12. Bh6 Qf6 13. Bf4 Nxe2+ 14. Nxe2 Ne5
15. b4 b6 16. Qe3 Ng4 17. Qc1 Ne5 18. Rd1 Nf3+ 19. Bxf3 e5 20. Bg2 exf4 21. e5
Qxe5 22. Bxa8 Qxe2 23. Qxf4 1-0

[Event "Aberto Brasil - II Niterói Chess Open "]
[Site "Salão de Convenções do Hot"]
[Date "2022.09.01"]
[Round "1.63"]
[White "Barberi, Catarina"]
[Black "Lima, Vinicius Taishun"]
[Result "0-1"]
[WhiteElo "1304"]
[BlackElo "2002"]
[PlyCount "93"]
[EventDate "2022.09.01"]
[EventRounds "9"]
[EventCountry "BRA"]

1. d4 Nf6 2. Nf3 c5 3. d5 b5 4. c4 g6 5. Nc3 b4 6. Nb1 Bg7 7. Qc2 e6 8. e4 exd5
9. exd5 O-O 10. Be2 d6 11. O-O Ng4 12. h3 Bf5 13. Bd3 Bxd3 14. Qxd3 Ne5 15.
Nxe5 Bxe5 16. Nd2 Nd7 17. Nf3 Bg7 18. Rb1 Ne5 19. Nxe5 Bxe5 20. Be3 f5 21. Rfe1
Qf6 22. Qc2 f4 23. Bd2 f3 24. Qe4 fxg2 25. Qxg2 Qg7 26. b3 Rf5 27. Rbc1 Raf8
28. Re2 Rf3 29. Be3 a5 30. Rd1 a4 31. Rb1 axb3 32. axb3 Bd4 33. Rf1 Qe5 34. Qg5
Rxe3 35. Qxe5 Rxe5 36. Rxe5 Bxe5 37. Kg2 Rf4 38. Rd1 Kf7 39. f3 Rd4 40. Rxd4
Bxd4 41. f4 Kf6 42. Kf3 Kf5 43. h4 Bb2 44. Kg3 Bc1 45. Kf3 Bxf4 46. Kf2 Ke4 47.
Kg2 0-1

[Event "Aberto Brasil - II Niterói Chess Open "]
[Site "Salão de Convenções do Hot"]
[Date "2022.09.01"]
[Round "1.65"]
[White "Pessoa, Vitor Henrique Leop"]
[Black "Ramos, Angelo Bil"]
[Result "0-1"]
[WhiteElo "1250"]
[BlackElo "1996"]
[PlyCount "114"]
[EventDate "2022.09.01"]
[EventRounds "9"]
[EventCountry "BRA"]

1. e4 c5 2. Nf3 Nc6 3. d4 cxd4 4. Nxd4 Nf6 5. Nc3 e5 6. Nb3 Bb4 7. Bd3 d5 8.
exd5 Nxd5 9. Bd2 Nxc3 10. bxc3 Bd6 11. O-O O-O 12. Be3 Qe7 13. Re1 Be6 14. Qe2
Rac8 15. Rac1 a6 16. f3 Rfe8 17. Rcd1 Nb8 18. Bxh7+ Kxh7 19. Qd3+ Kg8 20. Qxd6
Qxd6 21. Rxd6 Rxc3 22. Bd2 Rxc2 23. Rxe5 Nc6 24. Re2 Rxa2 25. Nc5 Rd8 26. Nxb7
Rxd6 27. Nxd6 Nd4 28. Rf2 a5 29. Be3 Nc2 30. Bc5 a4 31. Ne4 Ra1+ 32. Rf1 Rxf1+
33. Kxf1 a3 34. Bxa3 Nxa3 35. Kf2 Nc4 36. h4 Kf8 37. g4 Ke7 38. Kg3 Ne3 39. g5
Nf5+ 40. Kf4 Nxh4 41. Kg3 Nf5+ 42. Kf4 Nd6 43. Ng3 g6 44. Ke5 Bh3 45. Ne2 Bg2
46. f4 Nf5 47. Ng1 Ng3 48. Ne2 Nxe2 49. f5 gxf5 50. g6 f6+ 51. Kxf5 Nd4+ 52.
Kg4 Kf8 53. Kf4 Kg7 54. Kg4 Kxg6 55. Kg3 Bd5 56. Kh3 Kg5 57. Kh2 Kg4 0-1

[Event "Aberto Brasil - II Niterói Chess Open "]
[Site "Salão de Convenções do Hot"]
[Date "2022.09.01"]
[Round "1.66"]
[White "Marcolino, Antonio Claudio H."]
[Black "Vaz, Vania Dora Madona"]
[Result "1-0"]
[WhiteElo "1996"]
[BlackElo "1240"]
[PlyCount "69"]
[EventDate "2022.09.01"]
[EventRounds "9"]
[EventCountry "BRA"]

1. c4 e6 2. d4 d5 3. Nc3 Nf6 4. Bg5 Be7 5. cxd5 exd5 6. e3 c6 7. Qc2 O-O 8. Bd3
Nbd7 9. Nf3 h6 10. h4 Re8 11. Bf4 Nf8 12. Ne5 Ne6 13. Bg3 a6 14. f3 c5 15. Bf2
cxd4 16. exd4 Nf4 17. O-O-O Nxd3+ 18. Qxd3 Qc7 19. g4 b5 20. Kb1 b4 21. Ne2 Bd6
22. g5 Bxe5 23. dxe5 Rxe5 24. Bg3 Nd7 25. gxh6 g6 26. Qd4 f6 27. Bxe5 Qxe5 28.
Qxe5 fxe5 29. Rxd5 Kh7 30. Rc1 Nb6 31. Rxe5 Bf5+ 32. Ka1 Rd8 33. b3 Nd5 34. Rd1
Bc2 35. Rdxd5 1-0

[Event "Aberto Brasil - II Niterói Chess Open "]
[Site "Salão de Convenções do Hot"]
[Date "2022.09.01"]
[Round "1.67"]
[White "Fernandes, Gabriel Bourdon"]
[Black "Okamura, Milton Kasuo"]
[Result "0-1"]
[WhiteElo "1201"]
[BlackElo "1993"]
[PlyCount "64"]
[EventDate "2022.09.01"]
[EventRounds "9"]
[EventCountry "BRA"]

1. c4 e5 2. Nc3 Nf6 3. g3 d5 4. cxd5 Nxd5 5. Bg2 Nb6 6. e3 Be7 7. Nge2 O-O 8.
O-O c6 9. Qc2 Bg4 10. Re1 Na6 11. Qe4 Bxe2 12. Nxe2 Nc5 13. Qc2 Nd3 14. Rd1 f5
15. Qb3+ Kh8 16. f4 e4 17. Nd4 Qd7 18. Ne6 Rf6 19. Ng5 Nd5 20. Bf1 Nc5 21. Qc2
Rd8 22. b3 Nxe3 23. dxe3 Qxd1 24. Qc4 Qd5 25. Bb2 Rff8 26. Bd4 h6 27. Qe2 Bxg5
28. fxg5 Ne6 29. gxh6 Nxd4 30. hxg7+ Kxg7 31. Qb2 Qe5 32. Kf2 Nf3 0-1

[Event "Aberto Brasil - II Niterói Chess Open "]
[Site "Salão de Convenções do Hot"]
[Date "2022.09.01"]
[Round "1.68"]
[White "Ferreira, Marcone Fiuza"]
[Black "De Carvalho, Amauri"]
[Result "1-0"]
[WhiteElo "1991"]
[BlackElo "1204"]
[PlyCount "105"]
[EventDate "2022.09.01"]
[EventRounds "9"]
[EventCountry "BRA"]

1. e4 d6 2. d4 Nf6 3. Nc3 c6 4. Bd3 e5 5. Nge2 Bg4 6. f3 Be6 7. Be3 Be7 8. Qd2
a6 9. a4 Qa5 10. O-O Nbd7 11. b4 Qc7 12. Rfb1 O-O 13. Qe1 b5 14. Qf2 Rfb8 15.
h3 Nb6 16. dxe5 dxe5 17. Bxb6 Qxb6 18. Qxb6 Rxb6 19. axb5 c5 20. bxc5 Bxc5+ 21.
Kf1 Rbb8 22. bxa6 Rxb1+ 23. Rxb1 g6 24. Na4 Be3 25. Nb6 Ra7 26. Nc4 Bxc4 27.
Bxc4 Rc7 28. Bd3 Ra7 29. Rb8+ Kg7 30. Nc3 Nd7 31. Rb7 Nf6 32. Rxa7 Bxa7 33. Nb5
Bb6 34. a7 Bxa7 35. Nxa7 Nd7 36. Ke2 Nc5 37. Kd2 Kf6 38. Kc3 Ke6 39. Bc4+ Kf6
40. Bd5 Na4+ 41. Kb4 Nb2 42. c4 Ke7 43. c5 f6 44. c6 Kd8 45. Nb5 Nd3+ 46. Kc4
Nf4 47. Kc5 Kc8 48. Kd6 f5 49. Na7+ Kb8 50. c7+ Kxa7 51. c8=Q Nxd5 52. exd5 e4
53. Kc6 1-0

[Event "Aberto Brasil - II Niterói Chess Open "]
[Site "Salão de Convenções do Hot"]
[Date "2022.09.01"]
[Round "1.70"]
[White "Souza Dos Santos, Matheus Garcett"]
[Black "Stival Da Silva, Javier Rodrigo"]
[Result "1-0"]
[WhiteElo "1988"]
[BlackElo "1807"]
[PlyCount "67"]
[EventDate "2022.09.01"]
[EventRounds "9"]
[EventCountry "BRA"]

1. d4 Nf6 2. c4 e6 3. Nc3 Bb4 4. e3 O-O 5. Nf3 d5 6. Bd3 c5 7. O-O Bxc3 8. bxc3
Nbd7 9. cxd5 exd5 10. c4 dxc4 11. Bxc4 Nb6 12. Be2 cxd4 13. Nxd4 Qe7 14. a4 Rd8
15. Ba3 Qe8 16. Qb3 Rxd4 17. exd4 Qxe2 18. a5 Qc4 19. Qg3 Nbd5 20. Bc5 Bf5 21.
Bxa7 Qc7 22. Qxc7 Nxc7 23. Bc5 Ne6 24. Rfc1 Nd7 25. Bb6 Nxb6 26. axb6 Rd8 27.
f3 Nxd4 28. Rc7 Bc8 29. Ra8 g6 30. Rcxc8 Rxc8 31. Rxc8+ Kg7 32. Rc7 Kf6 33.
Rxb7 Nb5 34. Ra7 1-0

[Event "Aberto Brasil - II Niterói Chess Open "]
[Site "Salão de Convenções do Hot"]
[Date "2022.09.01"]
[Round "1.71"]
[White "Babinski, Yuri Brasil"]
[Black "Cantarino Neto, Mario Ribeiro"]
[Result "0-1"]
[WhiteElo "1800"]
[BlackElo "1973"]
[PlyCount "78"]
[EventDate "2022.09.01"]
[EventRounds "9"]
[EventCountry "BRA"]

1. e4 e5 2. Nf3 Nc6 3. Bc4 Nf6 4. Nc3 Nxe4 5. d4 Nxc3 6. bxc3 d5 7. Bb5 e4 8.
Ne5 Bd7 9. Nxd7 Qxd7 10. O-O Be7 11. Bf4 O-O 12. c4 a6 13. cxd5 axb5 14. dxc6
Qxc6 15. f3 f5 16. Qd2 Ra3 17. Be3 exf3 18. Rxf3 Bd6 19. d5 Qc4 20. Bf4 Qc5+
21. Kh1 Bxf4 22. Rxf4 g6 23. Rb4 Rd8 24. Rd4 Rd6 25. Rh4 Qc3 26. Rd1 Qxd2 27.
Rxd2 Rxa2 28. g3 c6 29. Rb4 Ra4 30. Rbd4 Rxd4 31. Rxd4 Rxd5 32. Rb4 Rd2 33. Rb2
Kf7 34. Kg1 Ke6 35. Rb3 Rxc2 36. Re3+ Kd5 37. Re7 b4 38. Rxb7 c5 39. Kf1 Rxh2
0-1

[Event "Aberto Brasil - II Niterói Chess Open "]
[Site "Salão de Convenções do Hot"]
[Date "2022.09.01"]
[Round "1.72"]
[White "De Siqueira, Luigy Lira"]
[Black "De Araujo, Claudio Torres"]
[Result "1-0"]
[WhiteElo "1969"]
[BlackElo "1800"]
[PlyCount "53"]
[EventDate "2022.09.01"]
[EventRounds "9"]
[EventCountry "BRA"]

1. e4 c5 2. Nf3 e6 3. d4 cxd4 4. Nxd4 a6 5. Bd3 Qc7 6. O-O Nc6 7. Nxc6 bxc6 8.
c4 Nf6 9. Nc3 Be7 10. Qe2 d6 11. f4 O-O 12. e5 Nd7 13. exd6 Bxd6 14. Ne4 Be7
15. Be3 c5 16. Bd2 Bb7 17. Bc3 Bxe4 18. Qxe4 g6 19. f5 e5 20. fxg6 hxg6 21.
Rxf7 Rxf7 22. Qxa8+ Bf8 23. Bxg6 Rf6 24. Qd5+ Kg7 25. Be8 Bd6 26. Bxd7 Qxd7 27.
Bxe5 1-0

[Event "Aberto Brasil - II Niterói Chess Open "]
[Site "Salão de Convenções do Hot"]
[Date "2022.09.01"]
[Round "1.73"]
[White "Fonseca, Marcelo Lobo"]
[Black "Tamarozi, Isabelle"]
[Result "0-1"]
[WhiteElo "1800"]
[BlackElo "1965"]
[PlyCount "50"]
[EventDate "2022.09.01"]
[EventRounds "9"]
[EventCountry "BRA"]

1. d4 Nf6 2. c4 g6 3. Nc3 Bg7 4. f3 d6 5. e4 O-O 6. Nge2 a6 7. Be3 Nc6 8. a3
Na5 9. Ng3 c5 10. d5 b5 11. cxb5 axb5 12. Bxb5 Bd7 13. a4 Bxb5 14. Nxb5 Nc4 15.
Qe2 Nxe3 16. Qxe3 Nd7 17. Ra2 Qa5+ 18. Qd2 Rfb8 19. Qxa5 Rxa5 20. Nc3 Rxb2 21.
Ra3 Nb6 22. Nge2 Nc4 23. Ra1 Bxc3+ 24. Nxc3 Ne3 25. g3 Nc2+ 0-1

[Event "Aberto Brasil - II Niterói Chess Open "]
[Site "Salão de Convenções do Hot"]
[Date "2022.09.01"]
[Round "1.75"]
[White "Orofino, Gabriel"]
[Black "Silva, Caio Henrique Angel"]
[Result "0-1"]
[WhiteElo "1800"]
[BlackElo "1959"]
[PlyCount "78"]
[EventDate "2022.09.01"]
[EventRounds "9"]
[EventCountry "BRA"]

1. e4 c6 2. Nf3 d5 3. Nc3 Bg4 4. h3 Bxf3 5. Qxf3 e6 6. b3 Nf6 7. e5 Nfd7 8. d4
c5 9. Bb2 cxd4 10. Nxd5 Nxe5 11. Nf6+ gxf6 12. Qxb7 Nbc6 13. Bb5 Qc8 14. Bxc6+
Qxc6 15. Qxc6+ Nxc6 16. O-O-O e5 17. Rhe1 O-O-O 18. Kb1 Bb4 19. Rf1 f5 20. g4
fxg4 21. hxg4 e4 22. Rh1 Rhe8 23. Rh6 Re6 24. Rxh7 e3 25. fxe3 dxe3 26. Rxd8+
Nxd8 27. Rh1 e2 28. c3 e1=Q+ 29. Rxe1 Rxe1+ 30. Kc2 Re2+ 31. Kb1 Be7 32. c4 Rg2
33. a3 Rxg4 34. Kc2 Rg2+ 35. Kb1 f5 36. b4 f4 37. Bd4 f3 38. c5 Nc6 39. Be3 Re2
0-1

[Event "Aberto Brasil - II Niterói Chess Open "]
[Site "Salão de Convenções do Hot"]
[Date "2022.09.01"]
[Round "1.78"]
[White "Castro Silva, Alex"]
[Black "Valente, Gabriel Luis Cavalc"]
[Result "1-0"]
[WhiteElo "1928"]
[BlackElo "1800"]
[PlyCount "111"]
[EventDate "2022.09.01"]
[EventRounds "9"]
[EventCountry "BRA"]

1. e4 c5 2. Nf3 g6 3. d4 cxd4 4. Qxd4 Nf6 5. e5 Nc6 6. Qa4 Nd5 7. Qe4 Nb6 8.
Nc3 Bg7 9. Bf4 a6 10. O-O-O O-O 11. h4 d5 12. Qe3 Re8 13. h5 Bg4 14. hxg6 fxg6
15. Bh6 Bh8 16. Qf4 Bxf3 17. Qxf3 e6 18. Qh3 Qe7 19. f4 Nb8 20. Bd3 N8d7 21.
Rh2 Nxe5 22. fxe5 Bxe5 23. g3 Bxc3 24. bxc3 Rad8 25. Be3 Nc4 26. Bxc4 dxc4 27.
Rxd8 Rxd8 28. Rd2 Rxd2 29. Kxd2 Qd6+ 30. Ke2 Qe5 31. Qg4 Qh5 32. Qxh5 gxh5 33.
Kf3 Kf7 34. Kf4 Kf6 35. Bd4+ Kg6 36. Ke5 Kf7 37. Bc5 b5 38. a3 a5 39. Bd6 Kg6
40. Kxe6 Kg5 41. Kd5 h4 42. gxh4+ Kxh4 43. Kc5 Kg5 44. Kxb5 Kf6 45. Kxc4 Ke6
46. Bg3 a4 47. Kb5 Kd7 48. Kxa4 Kc6 49. Kb4 h5 50. a4 Kb6 51. c4 Kc6 52. c5 Kb7
53. Kb5 Ka7 54. Kc6 h4 55. Bxh4 Kb8 56. Kd7 1-0

[Event "Aberto Brasil - II Niterói Chess Open "]
[Site "Salão de Convenções do Hot"]
[Date "2022.09.01"]
[Round "1.79"]
[White "Veiga da Silva, Paulo Roberto Costa"]
[Black "Dos Santos, Gilvan Nobrega"]
[Result "0-1"]
[WhiteElo "1800"]
[BlackElo "1914"]
[PlyCount "88"]
[EventDate "2022.09.01"]
[EventRounds "9"]
[EventCountry "BRA"]

1. d4 f5 2. Nc3 Nf6 3. Bf4 g6 4. h4 b6 5. e3 Bg7 6. Qf3 c6 7. O-O-O d5 8. Bxb8
Rxb8 9. h5 Qd6 10. hxg6 hxg6 11. Rxh8+ Bxh8 12. Nh3 Ne4 13. Nxe4 fxe4 14. Qf4
Qxf4 15. Nxf4 Kf7 16. Be2 Bd7 17. Rh1 Bg7 18. Kd2 Rh8 19. Rxh8 Bxh8 20. c3 e5
21. dxe5 Bxe5 22. Ba6 g5 23. Ne2 Ke7 24. Nd4 b5 25. b3 Kd6 26. a4 Kc5 27. a5 b4
28. Be2 Bc7 29. a6 bxc3+ 30. Kxc3 Be5 31. b4+ Kb6 32. Kb3 Bxd4 33. exd4 Bc8 34.
b5 cxb5 35. Kb4 Bd7 36. Bf1 Be8 37. Be2 Kxa6 38. Kc5 Ka5 39. Kxd5 b4 40. Kxe4
b3 41. Kd3 Kb4 42. Kd2 Bg6 43. Bd3 Bxd3 44. Kxd3 Ka3 0-1

[Event "Aberto Brasil - II Niterói Chess Open "]
[Site "Salão de Convenções do Hot"]
[Date "2022.09.01"]
[Round "1.80"]
[White "Silva, Marcelo Dos Santos"]
[Black "Manoel, Gustavo Da Silva Me"]
[Result "1/2-1/2"]
[WhiteElo "1921"]
[BlackElo "1798"]
[PlyCount "61"]
[EventDate "2022.09.01"]
[EventRounds "9"]
[EventCountry "BRA"]

1. c4 Nf6 2. Nc3 d5 3. d4 g6 4. Bf4 Bg7 5. e3 O-O 6. Nf3 c5 7. Rc1 Be6 8. Be2
h6 9. O-O Nc6 10. b3 cxd4 11. exd4 Ne4 12. cxd5 Bxd5 13. Nxd5 Qxd5 14. Bc4 Qf5
15. Be3 Nd6 16. Bd3 Qa5 17. Rc5 Qxa2 18. Bb1 Qa3 19. Bc1 Qb4 20. Bd2 Qb6 21.
Be3 Qd8 22. Qd2 h5 23. Rfc1 a5 24. d5 Nb4 25. Rc7 Rc8 26. Bb6 Rxc7 27. Bxc7 Qa8
28. Re1 Re8 29. Qg5 Bf6 30. Qd2 Nb5 31. Be5 1/2-1/2

[Event "Aberto Brasil - II Niterói Chess Open "]
[Site "Salão de Convenções do Hot"]
[Date "2022.09.01"]
[Round "1.82"]
[White "Da Silva, Jose Almir Martins"]
[Black "Dioscanio, Rafael Cacador"]
[Result "1/2-1/2"]
[WhiteElo "1912"]
[BlackElo "1787"]
[PlyCount "56"]
[EventDate "2022.09.01"]
[EventRounds "9"]
[EventCountry "BRA"]

1. e4 e5 2. Nf3 Nc6 3. Bb5 Nf6 4. d3 a6 5. Bxc6 dxc6 6. Nxe5 Bd6 7. Nf3 Qe7 8.
O-O O-O 9. h3 Rd8 10. Nbd2 Bf4 11. Nc4 Bxc1 12. Qxc1 Be6 13. Ne3 h6 14. Re1 Qc5
15. d4 Qh5 16. Nf5 Bxf5 17. exf5 Qxf5 18. Re5 Qd7 19. c3 Re8 20. Qc2 Nd5 21.
Rae1 f6 22. Rxe8+ Rxe8 23. Rxe8+ Qxe8 24. Qf5 g6 25. Qc2 Kg7 26. a3 Qe6 27. Nh4
Nf4 28. Kh2 Qe2 1/2-1/2